000
00315nam a2200097Ia 4500
008
160523s9999 xx 000 0 und d
245
_a
Free From Corporate America: A Tactical Guide to Success on Your Own Terms
245
_c
by Jonathan Reed
260
_c
2012
856
_u
http://www.smashwords.com/books/view/134672
999
_c
294863
_d
294863